[Event "SVK Extraliga 2019-20"]
[Site "Slovakia"]
[Date "2020.01.18"]
[Round "5.8"]
[White "Gazik, Igor"]
[Black "Petran, Peter"]
[Result "1/2-1/2"]
[WhiteElo "2256"]
[BlackElo "2265"]
[Annotator "TA"]
[PlyCount "205"]
[EventDate "2019.10.19"]
[EventType "team-tourn"]
[EventCountry "SVK"]
[SourceTitle "playchess.com"]
[Source "ChessBase"]
[SourceQuality "1"]
[WhiteTeam "Podhajska"]
[BlackTeam "Slovan"]

{[%evp 13,205,25,42,9,37,0,0,-6,5,-6,0,-8,4,-7,0,-39,9,10,15,8,16,0,4,15,38,0,39,18,22,0,0,-66,-68,-66,-64,-131,-115,-158,-100,-88,-25,-68,-24,-25,-18,-74,-64,-61,-47,-15,-13,-37,0,-9,-13,-36,-27,-42,-32,-25,-24,-67,-67,-67,-67,-90,-60,-60,-60,-60,-60,-60,-60,-60,-60,-60,-60,-60,-60,-60,-60,-60,-60,-60,-60,-60,-40,-60,-60,-60,-60,-60,-60,-194,-184,-179,-202,-201,-200,-197,-186,-185,-152,-156,-148,-152,-147,-160,-149,-208,-186,-155,-180,-183,-30,-51,0,0,0,-30,0,-169,0,0,0,-6,0,0,0,0,0,0,0,0,0,0,0,0,0,0,0,0,0,0,0,0,0,0,0,0,0,0,0,0,0,0,0,0,0,0,0,0,0,0,0,0,0,0,0,0,0,0,0,0,0,0,0,0,0,0,0,0,0,0,0,0,0,0,0,0,0,0,0,0]} 1. e4 g6 2. d4 Bg7 3. Nc3 c6 4. Be3 d6 5. Qd2 b5 6. f3 Nd7 7. g4 Nb6 8. b3 {B06: Modern Defence} (8. h4 h5 9. gxh5 Rxh5 10. Bd3 e5 11. dxe5 Bxe5 12. f4 Rxh4 13. fxe5 Rxh1 14. O-O-O dxe5 15. Qg2 Qh4 16. Bxb5 {0-1 (24) Aaron,D (2321)-Bachmann,A (2633) Arlington 2015}) 8... a5 9. h4 h5 $1 10. g5 e6 11. Rd1 Ne7 12. Nh3 $146 ({Predecessor:} 12. Nge2 Qc7 13. Ng3 d5 14. Bf4 e5 15. dxe5 b4 {1-0 (44) Floegel,U (2314)-Buhr,C (2374) Germany 2001}) 12... b4 13. Ne2 $1 Ba6 14. Bg2 Bxe2 15. Qxe2 d5 16. O-O O-O 17. Qf2 Nd7 18. Nf4 Nb8 19. Bh3 Qc8 20. Nd3 Na6 21. Bf4 Rd8 22. Nc5 (22. Rfe1 $11) 22... Nxc5 $15 23. dxc5 Qb7 24. Bd6 (24. Bg3 $15) 24... Nc8 $1 $17 25. Qh2 a4 ({Black should try} 25... Nxd6 26. cxd6 Qb6+ 27. Kh1 dxe4 28. fxe4 Qc5) 26. e5 Ra5 ({Reject} 26... Nxd6 27. cxd6 c5 28. f4 $11) (26... Na7 $1 $17) 27. f4 Qa7 ({Much worse is} 27... Nxd6 28. cxd6 Qb5 29. Rfe1 $11) 28. Kh1 Bf8 29. Qd2 (29. Qg1 $11) 29... Rxc5 30. Bxc5 Qxc5 31. Rf3 Nb6 32. Qd3 Kg7 33. Rdf1 Nd7 $1 34. Re3 Re8 35. Rb1 axb3 36. axb3 Qa7 37. Rf1 Bc5 {[%mdl 1024] Black has compensation.} 38. Re2 Bd4 39. Bg2 Bc3 40. Bf3 Ra8 41. Rg2 Qd4 42. Qxd4 Bxd4 43. Kh2 Bc3 44. Be2 Kf8 45. Kg3 Ke7 46. Kf3 Ra5 47. Rd1 Ra2 48. Bd3 Kd8 49. Re2 Kc7 50. Rb1 Kb6 51. Ke3 c5 52. Kf3 Nb8 53. f5 (53. Rh2 $15) 53... gxf5 $19 54. g6 fxg6 55. Rg1 Nc6 {...Nd4+ is the strong threat.} 56. Rxg6 Nd4+ 57. Ke3 {[#]} f4+ $1 {[%mdl 512]} 58. Kxf4 {[#]} c4 $1 {[%cal Rc4d3][%mdl 512]} 59. bxc4 {Black must now prevent Reg2.} Nxe2+ 60. Bxe2 Rxc2 61. Bxh5 (61. Kf3 $17 {was the only defense.} Kc5 62. cxd5 Kxd5 63. Bd1) 61... dxc4 62. Rxe6+ $17 {[%mdl 4096] Endgame KRB-KRB} Kc5 63. Re8 {[#]} Rf2+ $2 (63... b3 $1 $19 {Threatens to win with ...Rf2+.} 64. Rc8+ Kb4) 64. Ke4 $11 Rh2 (64... b3 $1 $15 65. Rc8+ Kb4 66. Rb8+ Kc5 67. Rc8+ Kb4 68. Rb8+ Ka3 69. Ra8+ Kb4 70. Rb8+) 65. Rc8+ Kb6 66. Kf5 (66. Bf7 {is interesting.} Re2+ 67. Kd5 b3 68. Kxc4 b2 69. Kxc3 Kb7 70. Rc4) 66... Rxh4 (66... b3 $5 67. e6 $8 Rf2+ 68. Ke4 Bf6 69. Rxc4 b2 70. Rb4+ Kc5 $11) 67. Bg4 $2 {[#]} (67. Bf7 $11 {and White is okay.} Rh7 68. Bxc4) 67... Bxe5 $2 (67... b3 $1 $19 {[%cal Rb3b2]} 68. e6 b2) 68. Rxc4 {The position is equal.} Bc3 69. Rc8 Rh2 70. Ke4 Rd2 71. Be6 Re2+ 72. Kd5 Kb7 {aiming for ...Rxe6!} 73. Re8 Kc7 74. Kc4 Re4+ 75. Kb3 Re5 76. Bf7 Rf5 77. Bc4 Rf2 78. Ka4 Kd6 79. Rc8 Rh2 80. Kb5 Rh5+ 81. Ka4 Rg5 82. Ra8 Rg1 {Hoping for ...Ra1+.} 83. Ba2 Kc5 (83... b3 {seems wilder.} 84. Kxb3) 84. Rc8+ Kd4 85. Rd8+ Ke3 86. Bg8 Ra1+ 87. Kb3 Rg1 88. Bh7 Rg7 89. Bc2 Rc7 90. Bg6 Rc6 91. Bh7 Bd2 92. Re8+ Kf2 93. Bc2 Rc3+ 94. Kb2 Rf3 95. Re6 Be3 96. Re4 Bc5 97. Bb3 Bf8 98. Ka2 Rf6 99. Be6 Bc5 100. Bc4 Rf8 101. Bd5 Rd8 102. Bc4 Ra8+ 103. Kb2 {Accuracy: White = 50%, Black = 65%.} 1/2-1/2

[Event "SVK Extraliga 2019-20"]
[Site "Slovakia"]
[Date "2020.01.18"]
[Round "5.8"]
[White "Borhy, Marcell"]
[Black "Kapolkova, Greta"]
[Result "1-0"]
[WhiteElo "2215"]
[BlackElo "1493"]
[Annotator "ChessBase"]
[PlyCount "123"]
[EventDate "2019.10.19"]
[EventType "team-tourn"]
[EventCountry "SVK"]
[SourceTitle "playchess.com"]
[Source "ChessBase"]
[SourceQuality "1"]
[WhiteTeam "Streda"]
[BlackTeam "Bratislava"]
[TimeControl "40/5400+30:1800+30"]

1. c4 {[%emt 0:00:00]} c5 {[%emt 0:00:39]} 2. Nf3 {[%emt 0:00:06]} Nf6 {[%emt 0:00:47]} 3. Nc3 {[%emt 0:00:17]} Nc6 {[%emt 0:00:26]} 4. d4 {[%emt 0:00:46]} cxd4 {[%emt 0:01:23]} 5. Nxd4 {[%emt 0:00:57]} Nxd4 {[%emt 0:04:51]} 6. Qxd4 {[%emt 0:00:08]} d6 {[%emt 0:00:45]} 7. e4 {[%emt 0:01:17]} g6 {[%emt 0:03:02]} 8. c5 {[%emt 0:11:09]} a6 {[%emt 0:04:50]} 9. Bg5 {[%emt 0:04:00]} Bg7 {[%emt 0:09:49]} 10. cxd6 {[%emt 0:01:57]} Qxd6 {[%emt 0:04:08]} 11. Qxd6 {[%emt 0:01:09]} exd6 {[%emt 0:00:15]} 12. O-O-O {[%emt 0:03:29]} Be6 {[%emt 0:05:24]} 13. Rxd6 {[%emt 0:03:27]} O-O {[%emt 0:03:03]} 14. f3 {[%emt 0:00:38]} Rac8 {[%emt 0:00:56]} 15. Kb1 {[%emt 0:00:50]} h6 {[%emt 0:06:39]} 16. Be3 {[%emt 0:01:51]} Nd7 {[%emt 0:01:44]} 17. Be2 {[%emt 0:03:03]} h5 {[%emt 0:02:25]} 18. Nd5 {[%emt 0:03:45]} Rfe8 {[%emt 0:04:20]} 19. Rd1 {[%emt 0:02:19]} Be5 {[%emt 0:01:40]} 20. Rxd7 {[%emt 0:00:42]} Bxd7 {[%emt 0:00:24]} 21. Nb6 {[%emt 0:00:21]} Bc6 {[%emt 0:10:31]} 22. Nxc8 {[%emt 0:00:38]} Rxc8 {[%emt 0:00:55]} 23. g3 {[%emt 0:00:55]} Re8 {[%emt 0:01:38]} 24. Bc4 {[%emt 0:01:43]} Re7 {[%emt 0:08:18]} 25. Rd2 {[%emt 0:05:42]} Bg7 {[%emt 0:02:04]} 26. Bg5 {[%emt 0:04:03]} Rd7 {[%emt 0:01:48]} 27. Rxd7 {[%emt 0:01:15]} Bxd7 {[%emt 0:00:09]} 28. Bd5 {[%emt 0:00:06]} Bc8 {[%emt 0:01:18]} 29. Kc2 {[%emt 0:01:14]} Kf8 {[%emt 0:00:14]} 30. Bd2 {[%emt 0:00:37]} Ke7 {[%emt 0:01:06]} 31. Bb4+ {[%emt 0:00:13]} Ke8 {[%emt 0:00:30]} 32. Bc3 {[%emt 0:00:09]} Bh6 {[%emt 0:00:19]} 33. Kd3 {[%emt 0:00:18]} f5 {[%emt 0:00:25]} 34. exf5 {[%emt 0:03:56]} Bxf5+ {[%emt 0:00:22]} 35. Kc4 {[%emt 0:00:49]} Bc8 {[%emt 0:00:35]} 36. Kc5 {[%emt 0:00:42]} Kd7 {[%emt 0:00:47]} 37. Bf7 {[%emt 0:01:09]} Be3+ {[%emt 0:01:27]} 38. Bd4 {[%emt 0:00:38]} b6+ {[%emt 0:00:39]} 39. Kc4 {[%emt 0:00:16]} Bxd4 {[%emt 0:04:03]} 40. Kxd4 {[%emt 0:00:05]} Bb7 {[%emt 0:00:33]} 41. Ke3 {[%emt 0:30:25]} g5 {[%emt 0:30:38]} 42. Bxh5 {[%emt 0:00:24]} Ke6 {[%emt 0:00:10]} 43. f4 {[%emt 0:00:42]} Kf5 {[%emt 0:00:25]} 44. fxg5 {[%emt 0:00:28]} Kxg5 {[%emt 0:00:08]} 45. Bf3 {[%emt 0:00:05]} Bc8 {[%emt 0:00:21]} 46. Kd4 {[%emt 0:02:53]} Be6 {[%emt 0:00:26]} 47. a3 {[%emt 0:00:05]} Kf6 {[%emt 0:00:14]} 48. Ke4 {[%emt 0:00:31]} a5 {[%emt 0:00:14]} 49. Kf4 {[%emt 0:00:11]} b5 {[%emt 0:00:21]} 50. g4 {[%emt 0:00:37]} b4 {[%emt 0:01:11]} 51. g5+ {[%emt 0:00:22]} Kg6 {[%emt 0:01:00]} 52. axb4 {[%emt 0:00:58]} axb4 {[%emt 0:00:08]} 53. h4 {[%emt 0:00:08]} Bc4 {[%emt 0:01:41]} 54. h5+ {[%emt 0:00:20]} Kg7 {[%emt 0:01:22]} 55. Kf5 {[%emt 0:01:40]} Bd3+ {[%emt 0:00:33]} 56. Be4 {[%emt 0:00:06]} Bb5 {[%emt 0:00:59]} 57. h6+ {[%emt 0:00:18]} Kg8 {[%emt 0:00:57]} 58. Kf6 {[%emt 0:00:14]} Be8 {[%emt 0:00:48]} 59. Bg6 {[%emt 0:00:31]} Bc6 {[%emt 0:00:16]} 60. Bf7+ {[%emt 0:00:08]} Kh8 {[%emt 0:00:42]} 61. g6 {[%emt 0:01:34]} Be4 {[%emt 0:00:32]} 62. g7+ {[%emt 0:00:09]} 1-0

[Event "SVK Extraliga 2019-20"]
[Site "Slovakia"]
[Date "2020.01.18"]
[Round "5.8"]
[White "Klemanic, Emil"]
[Black "Kusiak, Matej"]
[Result "0-1"]
[WhiteElo "2099"]
[BlackElo "2245"]
[Annotator "ChessBase"]
[PlyCount "94"]
[EventDate "2019.10.19"]
[EventType "team-tourn"]
[EventCountry "SVK"]
[SourceTitle "playchess.com"]
[Source "ChessBase"]
[SourceQuality "1"]
[WhiteTeam "Košice"]
[BlackTeam "Prakovce"]
[TimeControl "40/5400+30:1800+30"]

1. e4 {[%emt 0:00:00]} c6 {[%emt 0:00:10]} 2. d4 {[%emt 0:00:01]} d5 {[%emt 0:00:04]} 3. Nc3 {[%emt 0:00:41]} dxe4 {[%emt 0:00:49]} 4. Nxe4 {[%emt 0:00:04]} Bf5 {[%emt 0:01:26]} 5. Ng3 {[%emt 0:00:07]} Bg6 {[%emt 0:00:04]} 6. Nf3 {[%emt 0:00:04]} Nd7 {[%emt 0:00:27]} 7. h4 {[%emt 0:00:04]} h6 {[%emt 0:00:04]} 8. h5 {[%emt 0:00:13]} Bh7 {[%emt 0:00:04]} 9. Bd3 {[%emt 0:00:04]} Bxd3 {[%emt 0:00:03]} 10. Qxd3 {[%emt 0:00:02]} Ngf6 {[%emt 0:00:13]} 11. Bd2 {[%emt 0:00:03]} e6 {[%emt 0:00:18]} 12. O-O-O {[%emt 0:00:20]} Bd6 {[%emt 0:00:30]} 13. Ne4 {[%emt 0:05:17]} Nxe4 {[%emt 0:00:05]} 14. Qxe4 {[%emt 0:00:07]} Nf6 {[%emt 0:00:16]} 15. Qh4 {[%emt 0:00:37]} Qc7 {[%emt 0:01:44]} 16. c4 {[%emt 0:00:26]} O-O-O {[%emt 0:03:59]} 17. Bc3 {[%emt 0:00:53]} Bf4+ {[%emt 0:04:50]} 18. Bd2 {[%emt 0:01:11]} Bxd2+ {[%emt 0:00:19]} 19. Rxd2 {[%emt 0:00:06]} Qa5 {[%emt 0:03:19]} 20. a3 {[%emt 0:08:49]} Qf5 {[%emt 0:00:24]} 21. Re1 {[%emt 0:15:16]} Qxh5 {[%emt 0:02:47]} 22. Qf4 {[%emt 0:00:06]} Qf5 {[%emt 0:02:34]} 23. Qe3 {[%emt 0:07:03]} Rhe8 {[%emt 0:08:03]} 24. Qc3 {[%emt 0:05:21]} Ne4 {[%emt 0:00:54]} 25. Rxe4 {[%emt 0:05:15]} Qxe4 {[%emt 0:00:02]} 26. Qa5 {[%emt 0:00:05]} Kb8 {[%emt 0:00:21]} 27. Qb4 {[%emt 0:00:13]} f6 {[%emt 0:00:52]} 28. a4 {[%emt 0:01:54]} g5 {[%emt 0:00:36]} 29. a5 {[%emt 0:03:23]} a6 {[%emt 0:01:26]} 30. d5 {[%emt 0:02:58]} exd5 {[%emt 0:00:22]} 31. Nd4 {[%emt 0:00:10]} dxc4 {[%emt 0:00:19]} 32. Qxc4 {[%emt 0:00:19]} Qd5 {[%emt 0:00:53]} 33. Qc3 {[%emt 0:09:43]} Re1+ {[%emt 0:02:07]} 34. Kc2 {[%emt 0:00:42]} Qe4+ {[%emt 0:00:23]} 35. Kb3 {[%emt 0:00:29]} Rc8 {[%emt 0:01:31]} 36. f3 {[%emt 0:03:49]} Qd5+ {[%emt 0:00:53]} 37. Kc2 {[%emt 0:00:06]} c5 {[%emt 0:00:48]} 38. Ne2 {[%emt 0:04:53]} Qa2 {[%emt 0:02:11]} 39. Nc1 {[%emt 0:01:20]} Qa1 {[%emt 0:00:37]} 40. Rd1 {[%emt 0:01:23]} Rxd1 {[%emt 0:00:42]} 41. Kxd1 {[%emt 0:31:46]} Qa4+ {[%emt 0:31:10]} 42. Ke2 {[%emt 0:12:44]} Re8+ {[%emt 0:00:09]} 43. Kd3 {[%emt 0:04:14]} c4+ {[%emt 0:00:11]} 44. Kd2 {[%emt 0:03:36]} Rd8+ {[%emt 0:00:16]} 45. Ke3 {[%emt 0:00:53]} Qc6 {[%emt 0:01:01]} 46. Kf2 {[%emt 0:01:36]} Qc5+ {[%emt 0:00:16]} 47. Kf1 {[%emt 0:04:05]} Qd4 {[%emt 0:00:55]} 0-1

[Event "SVK Extraliga 2019-20"]
[Site "Slovakia"]
[Date "2020.01.18"]
[Round "5.8"]
[White "Pcola, Jaroslav"]
[Black "Macko, Michal"]
[Result "0-1"]
[WhiteElo "2073"]
[BlackElo "2168"]
[Annotator "ChessBase"]
[PlyCount "49"]
[EventDate "2019.10.19"]
[EventType "team-tourn"]
[EventCountry "SVK"]
[SourceTitle "playchess.com"]
[Source "ChessBase"]
[SourceQuality "1"]
[WhiteTeam "Snina"]
[BlackTeam "Liptovska"]
[TimeControl "40/5400+30:1800+30"]

1. Nf3 {[%emt 0:00:00]} d5 {[%emt 0:00:00]} 2. g3 {[%emt 0:00:33]} Nf6 {[%emt 0:00:21]} 3. Bg2 {[%emt 0:00:52]} c5 {[%emt 0:00:06]} 4. c4 {[%emt 0:01:33]} Nc6 {[%emt 0:01:54]} 5. cxd5 {[%emt 0:05:19]} Nxd5 {[%emt 0:00:05]} 6. O-O {[%emt 0:00:27]} e5 {[%emt 0:00:10]} 7. d3 {[%emt 0:01:03]} Be7 {[%emt 0:00:20]} 8. Nc3 {[%emt 0:00:40]} Nc7 {[%emt 0:00:10]} 9. b3 {[%emt 0:01:35]} Rb8 {[%emt 0:01:46]} 10. Bb2 {[%emt 0:02:13]} O-O {[%emt 0:03:30]} 11. Qd2 {[%emt 0:09:41]} h6 {[%emt 0:18:19]} 12. Rfc1 {[%emt 0:04:41]} b6 {[%emt 0:01:55]} 13. e3 {[%emt 0:14:47]} Ba6 {[%emt 0:05:17]} 14. Rd1 {[%emt 0:01:30]} f5 {[%emt 0:00:52]} 15. Ne2 {[%emt 0:04:28]} Qd6 {[%emt 0:01:23]} 16. Ne1 {[%emt 0:14:28]} Bf6 {[%emt 0:03:37]} 17. f4 {[%emt 0:09:15]} Rbd8 {[%emt 0:05:06]} 18. fxe5 {[%emt 0:03:23]} Nxe5 {[%emt 0:00:19]} 19. d4 {[%emt 0:10:04]} Ng4 {[%emt 0:07:01]} 20. Nc2 {[%emt 0:01:44]} Rfe8 {[%emt 0:03:30]} 21. Nf4 {[%emt 0:06:05]} g5 {[%emt 0:02:40]} 22. Nh3 {[%emt 0:03:46]} cxd4 {[%emt 0:06:45]} 23. Bxd4 {[%emt 0:02:18]} Ne6 {[%emt 0:00:32]} 24. Nf2 {[%emt 0:01:01]} Nxd4 {[%emt 0:00:28]} 25. Nxg4 {[%emt 0:00:00]} 0-1

[Event "SVK Extraliga 2019-20"]
[Site "Slovakia"]
[Date "2020.01.18"]
[Round "5.8"]
[White "Magat, Jozef"]
[Black "Federic, Jozef"]
[Result "1/2-1/2"]
[WhiteElo "2053"]
[BlackElo "2223"]
[Annotator "ChessBase"]
[PlyCount "67"]
[EventDate "2019.10.19"]
[EventType "team-tourn"]
[EventCountry "SVK"]
[SourceTitle "playchess.com"]
[Source "ChessBase"]
[SourceQuality "1"]
[WhiteTeam "Dunajov"]
[BlackTeam "Modra "]
[WhiteTeamCountry "SVK"]
[BlackTeamCountry "SVK"]
[TimeControl "40/5400+30:1800+30"]

1. d4 {[%emt 0:00:00]} d5 {[%emt 0:00:00]} 2. Nf3 {[%emt 0:00:00]} Nf6 {[%emt 0:00:22]} 3. c4 {[%emt 0:00:09]} e6 {[%emt 0:00:09]} 4. Nc3 {[%emt 0:00:12]} c6 {[%emt 0:00:29]} 5. cxd5 {[%emt 0:02:57]} exd5 {[%emt 0:00:15]} 6. Bg5 {[%emt 0:00:07]} Be7 {[%emt 0:01:51]} 7. e3 {[%emt 0:01:54]} h6 {[%emt 0:02:04]} 8. Bh4 {[%emt 0:00:45]} Bf5 {[%emt 0:01:19]} 9. Bd3 {[%emt 0:00:42]} Bxd3 {[%emt 0:03:22]} 10. Qxd3 {[%emt 0:00:11]} Nbd7 {[%emt 0:00:44]} 11. O-O {[%emt 0:00:27]} O-O {[%emt 0:00:23]} 12. Rfe1 {[%emt 0:02:49]} Re8 {[%emt 0:04:24]} 13. a3 {[%emt 0:02:37]} a5 {[%emt 0:06:05]} 14. Nd2 {[%emt 0:03:55]} a4 {[%emt 0:05:30]} 15. Qc2 {[%emt 0:01:34]} Qa5 {[%emt 0:03:29]} 16. f3 {[%emt 0:01:36]} c5 {[%emt 0:04:19]} 17. dxc5 {[%emt 0:10:26]} Bxc5 {[%emt 0:01:02]} 18. Bf2 {[%emt 0:02:12]} Qa7 {[%emt 0:03:14]} 19. Nf1 {[%emt 0:03:07]} Qa6 {[%emt 0:25:21]} 20. Rad1 {[%emt 0:02:01]} Qc6 {[%emt 0:04:46]} 21. Qd3 {[%emt 0:13:12]} Ne5 {[%emt 0:05:49]} 22. Qb5 {[%emt 0:02:05]} Nc4 {[%emt 0:01:14]} 23. Re2 {[%emt 0:02:47]} Ra5 {[%emt 0:05:35]} 24. Qxc6 {[%emt 0:01:16]} bxc6 {[%emt 0:00:03]} 25. e4 {[%emt 0:15:21]} Bxf2+ {[%emt 0:00:43]} 26. Kxf2 {[%emt 0:00:41]} Rb8 {[%emt 0:00:20]} 27. exd5 {[%emt 0:03:39]} cxd5 {[%emt 0:02:16]} 28. Rd4 {[%emt 0:08:04]} Nxb2 {[%emt 0:02:04]} 29. Ne3 {[%emt 0:03:36]} Rb3 {[%emt 0:02:30]} 30. Nexd5 {[%emt 0:02:53]} Nxd5 {[%emt 0:00:17]} 31. Nxd5 {[%emt 0:00:24]} Rd3 {[%emt 0:09:13]} 32. Rxb2 {[%emt 0:07:10]} Rxd4 {[%emt 0:00:11]} 33. Ne7+ {[%emt 0:00:11]} Kh7 {[%emt 0:00:15]} 34. Nc6 {[%emt 0:00:11]} 1/2-1/2

[Event "SVK Extraliga 2019-20"]
[Site "Slovakia"]
[Date "2020.01.19"]
[Round "6.1"]
[White "Stocek, Jiri"]
[Black "Mazur, Stefan"]
[Result "1-0"]
[WhiteElo "2578"]
[BlackElo "2448"]
[Annotator "TA"]
[PlyCount "113"]
[EventDate "2019.10.19"]
[EventType "team-tourn"]
[EventCountry "SVK"]
[SourceTitle "playchess.com"]
[Source "ChessBase"]
[SourceQuality "1"]
[WhiteTeam "Košice"]
[BlackTeam "Liptovska"]

{[%evp 14,113,29,28,42,22,43,38,51,35,39,29,79,52,81,77,81,72,99,56,62,37,43,20,22,0,0,0,0,0,0,0,0,0,22,-9,-12,0,0,0,93,96,89,112,97,72,50,25,22,30,85,77,85,92,146,132,118,128,128,132,141,135,139,131,130,131,131,138,132,143,158,158,142,121,121,131,129,122,130,122,119,119,124,129,184,184,196,149,196,196,196,196,196,196,187,185,184,184,184,177,195,199]} 1. d4 Nf6 2. Nf3 g6 3. c4 Bg7 4. Nc3 O-O 5. Bg5 h6 6. Bh4 d6 7. e3 Nbd7 8. Be2 b6 {E61: King's Indian: Early deviations for White, including Smyslov System.} 9. O-O Bb7 10. Nd2 {[#]} a6 $146 {White is slightly better.} ({Predecessor:} 10... d5 11. cxd5 Nxd5 12. Nxd5 Bxd5 13. Bf3 Bxf3 14. Nxf3 c5 15. Rc1 Rc8 16. Qe2 cxd4 17. Nxd4 Rxc1 18. Rxc1 Bxd4 19. exd4 {½-½ (47) Aronian,L (2784)-Li,C (2755) Stavanger 2016}) 11. a4 e5 12. a5 Re8 13. dxe5 dxe5 14. Qc2 Qe7 15. Rfd1 Qe6 16. Bg3 Bf8 17. axb6 cxb6 18. Rac1 Rac8 19. h3 Bb4 20. Na2 Bf8 21. b4 a5 22. Qb1 axb4 23. Nxb4 Nc5 {[#]} 24. Nd5 $1 {[%mdl 512]} Nxd5 (24... Bxd5 25. cxd5) 25. cxd5 Bxd5 26. e4 $36 {[%mdl 2048] White is pushing.} Bb7 (26... Ba2 $11 27. Qb2 Ra8) 27. Bg4 $16 Qf6 ({But not} 27... f5 $2 28. exf5 Qf6 29. fxg6 $18) 28. Bxc8 Rxc8 29. Qa1 Re8 30. Rc4 h5 31. Nf3 {[%cal Rg3e5]} Qe6 (31... b5 $11 {remains equal.} 32. Bxe5 Qc6) 32. Qxe5 Qxe5 33. Nxe5 Nxe4 (33... b5 $142 34. Rcd4 Nxe4) 34. Nd7 Bg7 35. Re1 Re6 36. Rc7 Bd5 37. Rc8+ Kh7 38. Bf4 Nc5 39. Rxe6 Bxe6 40. Nf8+ Bxf8 41. Rxf8 {[%mdl 4096] Endgame KRB-KBN} Nd7 42. Re8 Kg7 43. Bg5 b5 44. Be7 Ne5 45. Rb8 Nc6 46. Bf8+ Kg8 47. Ra8 Kh7 48. Ra6 Ne5 (48... Nd4 $16 {was called for.} 49. f3 Bc4) 49. Be7 $18 {White is clearly better.} Nc4 50. Ra7 Nb6 51. Rb7 Nd5 52. Bg5 b4 53. Bd2 Kg7 54. Bxb4 g5 55. Bd2 Kg6 56. Rb8 {[#] Rg8+ is the strong threat.} Ne7 57. Re8 {Accuracy: White = 83%, Black = 80%.} 1-0

[Event "SVK Extraliga 2019-20"]
[Site "Slovakia"]
[Date "2020.01.19"]
[Round "6.1"]
[White "Babula, Vlastimil"]
[Black "Matuszewski, Michal"]
[Result "1/2-1/2"]
[WhiteElo "2576"]
[BlackElo "2512"]
[Annotator "TA"]
[PlyCount "41"]
[EventDate "2019.10.19"]
[EventType "team-tourn"]
[EventCountry "SVK"]
[SourceTitle "playchess.com"]
[Source "ChessBase"]
[SourceQuality "1"]
[WhiteTeam "Snina"]
[BlackTeam "Prakovce"]

{[%evp 11,41,31,29,24,37,33,34,34,34,29,32,29,27,29,29,28,29,25,21,21,21,21,21,21,22,22,21,0,0,0,0,7]} 1. d4 d5 2. c4 c6 3. Nf3 Nf6 4. Nc3 a6 5. e3 b5 6. b3 Bg4 7. a4 {[%cal Ra4b5] seems to push 7.Be2 aside. D15: Slav Defence: 4 Nc3 a6 and gambit lines after 4 Nc3 dxc4.} b4 8. Nb1 {[%cal Bc3b1,Bb1d2,Bd2e4][%mdl 32]} Nbd7 9. Bb2 {White is slightly better.} e6 10. Nbd2 Bd6 11. Qc2 Bf5 12. Bd3 Bxd3 13. Qxd3 O-O 14. e4 {[#]} dxe4 $146 ({Predecessor:} 14... Bf4 15. O-O Bxd2 16. Nxd2 a5 17. Rac1 dxe4 18. Nxe4 Nxe4 19. Qxe4 Rc8 20. Rcd1 Re8 {1-0 (33) Inarkiev,E (2706)-Lin,C (2448) China 2015}) 15. Nxe4 {The position is equal.} Be7 16. O-O Qc7 17. Rfe1 Nxe4 18. Qxe4 Bf6 19. Ne5 Nxe5 20. dxe5 Be7 21. Rad1 {Accuracy: White = 100%, Black = 100%.} 1/2-1/2

[Event "SVK Extraliga 2019-20"]
[Site "Slovakia"]
[Date "2020.01.20"]
[Round "6.1"]
[White "Hracek, Zbynek"]
[Black "Saric, Ivan"]
[Result "1/2-1/2"]
[WhiteElo "2556"]
[BlackElo "2655"]
[Annotator "TA"]
[PlyCount "49"]
[EventDate "2019.10.19"]
[EventType "team-tourn"]
[EventCountry "SVK"]
[SourceTitle "playchess.com"]
[Source "ChessBase"]
[SourceQuality "1"]
[WhiteTeam "Zilina"]
[BlackTeam "Modra"]
[WhiteTeamCountry "CZE"]
[BlackTeamCountry "CRO"]

{[%evp 13,49,15,10,12,23,0,30,21,16,23,13,12,14,15,18,25,24,4,35,39,35,20,56,43,58,58,43,14,18,18,18,12,22,20,22,22,21,0]} 1. e4 c5 2. Nf3 d6 3. Bb5+ Nd7 4. d4 cxd4 5. Qxd4 a6 6. Bxd7+ Bxd7 7. Nc3 ({Predecessor:} 7. O-O Rc8 8. Nc3 e5 {½-½ (74) Mastrovasilis,D (2580)-Jakubiec,A (2500) Poland 2017}) 7... e5 8. Qd3 {B51: Sicilian: Moscow Variation (3 Bb5+) without 3...Bd7} Rc8 9. O-O h6 $146 (9... Qc7 10. Nd2 Be6 11. Rd1 Be7 12. a4 Nf6 13. Nf1 Qc4 14. Ne3 Qxd3 15. Rxd3 Nd7 {0-1 (52) Nepomniachtchi,I (2767)-Sarana,A (2663) Moscow 2019}) 10. Nd2 {White has an edge.} Qc7 11. Rd1 Bg4 12. f3 Be6 13. Nf1 Nf6 14. Ne3 Be7 15. Kh1 h5 16. Bd2 h4 17. h3 g6 18. Be1 Kf8 19. a4 Kg7 20. Ncd5 Bxd5 {The position is equal.} 21. Nxd5 Nxd5 22. Qxd5 Qc6 23. c3 Qxd5 24. Rxd5 f5 25. b3 {Accuracy: White = 60%, Black = 54%.} 1/2-1/2